| 000 | 01125nam a2200265 a 4500 | ||
|---|---|---|---|
| 001 | 000030448 | ||
| 003 | AM-YEHGA | ||
| 005 | 20250618070934.0 | ||
| 008 | 030329s1983 ai ||||||||||||0||f|arm|d | ||
| 040 | _aAM-YeHGA | ||
| 041 | 1 |
_aarm _hspa |
|
| 100 | 1 |
_aԿորտասար, Խուլիո _98632 |
|
| 245 | 1 | 0 |
_aՎիճակախաղ = _bLos Premios / _cԽ. Կորտասար; Իսպաներենից թարգմանությունը և վերջաբանը՝ Հ. Գրիգորյան; Խմբագիր՝ Ա. Հովսեփյան; Նկարիչ՝ Ս. Սևադա. |
| 246 | 1 | 5 | _aLos Premios . |
| 260 |
_aԵրևան : _bՍովետական գրող, _c1983. |
||
| 300 |
_a438 էջ ; _c20 սմ. |
||
| 490 | 1 | _aԱրկածային գրադարան | |
| 650 | 1 | 4 | _aԱրգենտինական արձակ |
| 700 | 1 |
_aԳրիգորյան, Հովհաննես Երվանդի, _d1945-2013 _eթարգմանիչ _4trl _eվերջաբաբան _4aft _91645 |
|
| 700 | 1 |
_aՀովսեփյան, Ա.Ս. _eխմբագիր _4edt |
|
| 700 | 1 |
_aՍևադա, Ս.Ա. _eնկարիչ _4art |
|
| 830 | 0 | _aԱրկածային գրադարան | |
| 942 |
_2udc _cBK |
||
| 090 | _c14137 | ||
| 999 |
_c14029 _d14029 |
||